Total swimming : how the perfect exercise can offer rewards both to the body and to the inner self /

Bibliographic Details
Main Author: Wiener, Harvey S.
Format: Book
Language:English
Published: New York : Simon and Schuster, [1980]
Subjects:

MARC

Tag First Indicator Second Indicator Subfields
LEADER 00000cam a22000008i 4500
001 in00000058086
005 20151008050959.0
008 790724s1980 nyua b 00010 eng
010 |a  79018833  
020 |a 0671246690 
035 |a (OCoLC)05264265 
035 |9 AAG4749AM 
040 |a DLC  |c DLC  |d TXA  |d UtOrBLW 
049 |a TXAM  |c [1405434] 
050 0 0 |a GV837  |b .W58 
082 0 |a 797.2/1 
100 1 |a Wiener, Harvey S. 
245 1 0 |a Total swimming :  |b how the perfect exercise can offer rewards both to the body and to the inner self /  |c Harvey S. Wiener ; illus. by Wendy Frost. 
263 |a 8012 
264 1 |a New York :  |b Simon and Schuster,  |c [1980] 
264 4 |c ©1980 
300 |a 368 pages :  |b illustrations ;  |c 23 cm. 
336 |a text  |b txt  |2 rdacontent 
337 |a unmediated  |b n  |2 rdamedia 
338 |a volume  |b nc  |2 rdacarrier 
504 |a Bibliography: pages 347-368. 
650 0 |a Swimming. 
650 0 |a Physical fitness. 
999 |a MARS 
999 f f |s 118d0819-374c-3e51-beee-40647c418d76  |i 437c3554-46a5-3612-a4fb-cc38c704f3ac  |t 0 
952 f f |p ric  |a Texas A&M University  |b Rellis Campus  |c Joint Library Facility  |d Remote Storage  |t 0  |e GV837 .W58  |h Library of Congress classification  |i unmediated -- volume  |m A14802471149 
998 f f |a GV837 .W58  |t 0  |l Remote Storage